000
00283nam a22001337a 4500
008
210303b ||||| |||| 00| 0 eng d
041
_a
eng
080
_a
616.8
082
_a
616.8
100
_a
7
101
_a
NEU
245
_a
Medical Neuroscience
_c
Dragoi, V
942
_2
udc
_c
BK
999
_c
55631
_d
55631